Tous les Joueurs de Ligue 1 valorisés à plus de 40M€ - Statistiques

Statistiques générales
  • Ce quiz a été pris 110 fois
  • Le résultat moyen est 12 sur 14
Statistiques - réponses
Prix Club Joueur Nationalité % Correct
60M PSG Achraf Hakimi Maroc
100%
60M PSG Ousmane Dembélé France
97%
50M PSG Marquinhos Brésil
96%
50M LOSC Lille Jonathan David Canada
95%
55M PSG Vitinha Portugal
93%
45M PSG Manuel Ugarte Uruguay
89%
55M PSG Nuno Mendes Portugal
89%
50M PSG Bradley Barcola France
87%
55M PSG João Neves Portugal
87%
50M PSG Gonçalo Ramos Portugal
84%
60M PSG Warren Zaïre-Emery France
84%
40M PSG Gianluigi Donnarumma Italie
79%
45M PSG Randal Kolo Muani France
74%
40M PSG Lucas Hernández France
64%
Aucun quiz correspondant
Distribution des résultats
% des personnes avec chaque résultat
Percentile par nombre de réponses
Votre historique - résultats
Vous n’avez pas pris ce quiz